000 00765nam a22001817a 4500
999 _c371459
_d371459
008 201127b ||||| |||| 00| 0 eng d
040 _aDE-2950
_bger
_cDE-2950
_erda
041 _ager
245 _aDie Angst vor einem Krieg ist groß.
_bUkraine: Slubices Partnerstadt Schostka liegt unweit der Grenze zu Russland. Wie sich die Kleinstadt aktuell auf einen militärischen Angriff vorbereitet /
_cPeggy Lohse und Jacqueline Westermann
264 _c2022
653 _aSlubice <Polen>
653 _aPartnerstadt Schostka
773 _dFrankfurt (Oder) Märkisches Verlags- und Druckhaus GmbH & Co KG
_tMärkische Oderzeitung
_g33. Jahrgang (2022) Nr. 44 vom 22.02.2022, S. 15
942 _cA